Návrh systému pre platformu Arduino na bezdrôtovú komunikáciu pomocou Bluetooth
Gespeichert in:
| 1. Verfasser: | |
|---|---|
| Weitere Verfasser: | |
| Format: | Manuskript Buch |
| Sprache: | Slowakisch |
| Veröffentlicht: |
2017
|
| Schlagworte: | |
| Online-Zugang: | http://is.stuba.sk/zp/portal_zp.pl?podrobnosti=115999 |
| Tags: |
Keine Tags, Fügen Sie das erste Tag hinzu!
|
MARC
| LEADER | 00000ntm a22000003a 4500 | ||
|---|---|---|---|
| 001 | stuzp60350 | ||
| 003 | SK-STU | ||
| 005 | 20170727123908.1 | ||
| 007 | ta | ||
| 008 | 150427s2015----xo-----f-mn---000-0-slo-d | ||
| 040 | |a STU |b slo | ||
| 041 | 0 | |a slo | |
| 044 | |a xo | ||
| 100 | 1 | |a Džadoň, Tomáš |u 035000 |4 aut |U FEI Fakulta elektrotechniky a informatiky |T FEI Ústav informatiky a matematiky |X 74660 |U E050 |Y 816 |7 74660 | |
| 242 | 0 | 1 | |a Arduino system design for Bluetooth wireless communication |y eng |
| 245 | 1 | 0 | |a Návrh systému pre platformu Arduino na bezdrôtovú komunikáciu pomocou Bluetooth |
| 260 | |c 2017 | ||
| 300 | |a 53 s., príl., |b CD-ROM | ||
| 650 | 4 | |a Internet of Things |2 slo | |
| 650 | 4 | |a Arduino |2 slo | |
| 650 | 4 | |a Bluetooth |2 slo | |
| 650 | 4 | |a Mesh |2 slo | |
| 650 | 4 | |a Bluetooth |2 eng | |
| 650 | 4 | |a Internet of Things |2 eng | |
| 650 | 4 | |a Arduino |2 eng | |
| 650 | 4 | |a Mesh |2 eng | |
| 700 | 1 | |a Gallo, Ondrej |u 035000 |k Z1 |4 ths |U FEI Fakulta elektrotechniky a informatiky |T FEI Ústav informatiky a matematiky |X 27473 |U E050 |Y 816 |7 A000027473 | |
| 856 | 4 | |u http://is.stuba.sk/zp/portal_zp.pl?podrobnosti=115999 | |
| 996 | |b 284ER02473 |c E*Bc- 2473 |l EE35 |s P |a 0 |w stuzp60350_0001 | ||